000 01118nam a22002417a 4500
003 NALT
005 20251125232959.0
008 s2547 th tha d
020 _a9745044598
040 _aNALT
041 _atha
090 _aKH 15
_bร235 2547
245 0 0 _aระเบียบการเงินการบัญชีส่วนท้องถิ่น.
260 _aกรุงเทพฯ :
_bสูตรไพศาล,
_c2547
300 _a69 หน้า ;
_c26 ซม.
650 0 4 _aองค์กรปกครองส่วนท้องถิ่น -- วิธีการงบประมาณ
650 0 4 _aการเงินส่วนท้องถิ่น -- กฎหมายและระเบียบข้อบังคับ
650 0 4 _aการคลังท้องถิ่น -- กฎหมายและระเบียบข้อบังคับ
850 _aNALT
856 4 0 _uhttps://hdl.handle.net/20.500.14156/466430
942 _cLB
_2local
999 _c47024
_d47024
998 _j109
_k อารีรัตน์ วิชาช่าง